000 00628nam a2200229 a 4500
001 18798
003 CO-ViMGA
008 141112s2004 ck r 000 u spa d
020 _a9700508927
040 _aCO-ViMGA
_bspa
_cCO-ViMGA
082 0 4 _a823 F653
100 1 _aFollett, Ken
_915431
245 1 0 _aEl tercer gemelo
260 _aBarcelona :
_bGrijalbo,
_c1998
300 _a461
490 _aGrijalbo pocket
590 _aForma de adquisición : Premio Min cultura
650 1 4 _aCIENCIA FICCION - NOVELA
_926826
650 1 4 _aCLONACION - NOVELA
_926827
650 1 4 _aNOVELA INGLESA - SIGLO XX
_92200
942 _2ddc
_cBK
999 _c28027
_d28027